00847nam a22002777a 4500003000500000005001700005008004100022010001000063011001000073035001000083040000900093082001700102111007600119245001600195260007200211300002300283490002900306500003800335650003000373650002700403650002600430700002200456710005200478830002900530852001000559CHAP20220329141606.0971013s1977 r 10010 d a70644 a71616 a81170 cCHAP a635bA3 197500aAfrican Symposium on Horticultural Crops (n4d: 1975c: Kumasi, Ghana) aProceedings aThe Hague :bInternational Society for Horticultural Science,c1977 a411 p.b: gráfs. aActa Horticulturaev; 53 ac.1 en Publicaciones periódicas14aFruticulturaxTrópicos.14aHorticultura tropical.14aHorticulturaxAfrica.0 aBamfoe-Kwakye, E.0 aInternational Society of Horticultural Science.0 aActa Horticulturaev; 53 2yISSUE